000
00273 a2200133 4500
001
60138
082
_a
519.4 BUR
090
_c
36952
_d
36952
100
_a
Burden
245
_a
Numerical Analysis 6th Ed
250
_a
6 th
260
_a
USA
_b
Brooks Cole
300
_a
811
942
_a
caenust
_k
519.4 BUR
999
_c
295211
_d
295211